Rozbalili darček k extraligovému jubileu, našli dnu miestenku do prvej ligy basketbalistky Cassovie Košice sa po dvadsiatich rokoch lúčia s najvyššou slovenskou súťažou

Podrobná bibliografia
Hlavný autor: Matia, Bohuš (Author)
Médium: Článok
Jazyk:Slovak
Témy:
Zdroj: 1. Košický večer. Korzár 1. Roč. XX, č.10 (2010), s. 14 1. 1336-5320
LEADER 00890nab#a2200289#ar4500
001 000106830
003 SVKKK
005 20120217134340.0
008 111201c2010 xo |||||||||||||||b|slo
FMT
038 |a SVKKK 
040 |a SVKKK  |b slo  |e AACR2 
041 0 |a slo 
044 |a xo  |c SK 
080 |a 796.323.2  |2 1997 
100 1 |a Matia, Bohuš  |4 aut 
245 1 0 |a Rozbalili darček k extraligovému jubileu, našli dnu miestenku do prvej ligy  |b basketbalistky Cassovie Košice sa po dvadsiatich rokoch lúčia s najvyššou slovenskou súťažou  |c Bohuš Matia 
300 |b Obr. 
610 2 4 |a Cassovia Košice  |x basketbalový klub 
650 0 4 |a basketbal  |z Košice (Slovensko) 
651 4 |a Košice (Slovensko)  |x šport 
773 0 |t Košický večer. Korzár  |g Roč. XX, č.10 (2010), s. 14  |x 1336-5320 
974 |a Va 
992 |a RBX 
BAS
852 |a SVKKK  |b BIB 
998 |a REG